00425cam a2200169ua 4500001000500000005001700005008003900022040000900061082001000070100002800080245004100108250001200149260004700161300001300208653001200221653002200233604420260515113955.0131101n ii |||gr||||Z||||||eng cMAIN a949.5 aChaudhuri,K.C,eAuthor. aHistory of Greececby K.C. Chaudhuri a2nd Ed. aCalcutta:bNew Central Book Agency,c1984. axi,272p. aHistory aHistory of Greece